MDQL
is popping MORE tags! Check the
thread
!
Quizzes
Events
Quiz Creation
Community
Videos
Private Events
Remove Ads
Sign In
Join for FREE
Feedback
Dark Mode
Quiz Categories
Sports
Geography
Music
Movies
Television
Just For Fun
Miscellaneous
History
Literature
Language
Science
Gaming
Entertainment
Religion
Holiday
For Kids
Quiz Lab
Recent
Popular Today
Quiz Kudos Today
Editor Picks
Curator Picks
Quizzes by...
Day
Popularity
Type
Ratings
Length
Year
Community
Subscriptions
Recent Discussions
Orange Saloon
Badges
Playlists
Quests
Create
Leaderboards
Showdown
Live 5
Trivia Bingo
Activity
Puzzle Library
Sporcle Events
Private Events
Virtual Trivia
Globe League
Become a Host
Pub Owners
SporcleCon
Opinionation
Our Games
Videos
Blog
Mobile Apps
Partnerships
Remove Ads and Go Orange
Feedback
Sports
Athletes
MLB
NBA
NHL
NFL
Soccer
Sports Teams
WWE
NCAA
Football
Premier League
Basketball
Baseball
Hockey
Golf
Tennis
Cricket
Rugby
Auto Racing
Olympics
World Cup
Sports
Athletes
MLB
NBA
NHL
NFL
Soccer
Sports Teams
WWE
NCAA
Football
Premier League
Basketball
Baseball
Hockey
Golf
Tennis
Cricket
Rugby
Auto Racing
Olympics
World Cup
Random Quiz
Search Sporcle
×
Quiz Lab
Quiz Lab
Sports
Winner
Type in answers that appear in a list
Type in answers that appear in a list
Classic
Best Score? Go Orange.
Liège-Bastogne-Liège winners Stats
Can you name the winners of Liege-Bastogne-Liege?
By
Tabasco
10m
95 Questions
433 Plays
433 Plays
433 Plays
Comments
Comments
Give Quiz Kudos
Give Quiz Kudos
-
- Ratings
hide this ad
Replay
Link that replays current quiz
Next Quiz
Link to next quiz in quiz playlist
You Got
0%
They Got
Avg Score
46%
Avg Friend Score
Upgrade to see
Score Distribution
Jump to the score distribution portion of the page
Score
0/95
Timer
10:00
0
Plays Today
Year
Rider
% Correct
2009
Andy Schleck
97.5%
1969
Eddy Merckx
96.1%
1971
Eddy Merckx
96.1%
1972
Eddy Merckx
96.1%
1973
Eddy Merckx
96.1%
1975
Eddy Merckx
96.1%
2005
Alexandre Vinokourov
94%
2006
Alejandro Valverde
93.5%
2008
Alejandro Valverde
93.5%
1977
Bernard Hinault
86.6%
1980
Bernard Hinault
86.6%
1984
Sean Kelly
85.9%
1989
Sean Kelly
85.9%
2000
Paolo Bettini
85.2%
2002
Paolo Bettini
85.2%
2003
Tyler Hamilton
84.1%
1997
Michele Bartoli
82.7%
1998
Michele Bartoli
82.7%
2004
Davide Rebellin
78.8%
2007
Danilo Di Luca
78.8%
1999
Frank Vandenbroucke
77.8%
2001
Oscar Camenzind
77.1%
1994
Eugeni Berzin
75.1%
1985
Moreno Argentin
71.8%
1986
Moreno Argentin
71.8%
1987
Moreno Argentin
71.8%
1991
Moreno Argentin
71.8%
1993
Rolf Sorensen
70.4%
1970
Roger de Vlaeminck
70.2%
1951
Ferdinand Kubler
68.6%
1952
Ferdinand Kubler
68.6%
1966
Jacques Anquetil
68.1%
Year
Rider
% Correct
1961
Rik van Looy
67.9%
1996
Pascal Richard
60.7%
1983
Steven Rooks
58.7%
1992
Dirk de Wolf
58.7%
1988
Adri van der Poel
55.2%
1967
Walter Godefroot
54%
1995
Mauro Gianetti
52.2%
1979
Dietrich Thurau
51.7%
1956
Fred de Bruyne
51.5%
1958
Fred de Bruyne
51.5%
1959
Fred de Bruyne
51.5%
1990
Eric van Lancker
44.6%
1955
Stan Ockers
43.4%
1892
Leon Houa
41.8%
1893
Leon Houa
41.8%
1894
Leon Houa
41.8%
1976
Joseph Bruyere
40.9%
1978
Joseph Bruyere
40.9%
1957
Frans Schoubben|Germain Derycke
35.3%
1925
Georges Ronsse
34.9%
1981
Josef Fuchs
33.3%
1982
Silvano Contini
32.6%
1920
Leon Scieur
31.9%
1974
Georges Pintens
31.6%
1962
Jef Planckaert
30.9%
1908
Andre Trousselier
27.7%
1937
Eloi Meulenberg
27%
1923
Rene Vermandel
24.9%
1924
Rene Vermandel
24.9%
1963
Frans Melckenbeeck
24.2%
1943
Richard Depoorter
23.8%
1947
Richard Depoorter
23.8%
Year
Rider
% Correct
1965
Carmine Preziosi
23.3%
1954
Marcel Ernzer
22.9%
1960
Albertus Geldermans
22.4%
1929
Alfons Schepers
21.7%
1931
Alfons Schepers
21.7%
1935
Alfons Schepers
21.7%
1968
Walter van Sweefelt
21.2%
1919
Leon Devos
20.3%
1921
Louis Mottiat
20.1%
1922
Louis Mottiat
20.1%
1930
Hermann Buse
19.6%
1964
Willy Blocklandt
19.2%
1946
Prosper Depredomme
18.9%
1950
Prosper Depredomme
18.9%
1949
Camille Danguillaume
18%
1911
Joseph van Daele
16.2%
1953
Alois de Hertog
16.2%
1928
Ernest Mottard
15%
1938
Alfons Deloor
14.5%
1945
Jean Engels
12.9%
1909
Victor Fastre
10.2%
1927
Maurice Raes
9.9%
1934
Theo Herckenrath
9.7%
1913
Maurits Moritz
8.5%
1948
Maurice Mollin
6.5%
1939
Albert Ritserveldt
5.8%
1912
Omer Verschoore
5.5%
1932
Marcel Houyoux
5.3%
1926
Dieudonne Smets
3.7%
1936
Albert Beckaert
3.2%
1933
Francois Gardier
2.3%
Quiz Playlist
Details
Report
Send in Message
Add To Playlist
Classic:
Type in answers that appear in a list
Quiz Source
Last Updated: Feb 16, 2017
Quiz Scoreboard
CHALLENGE
Sign Up to Join the Scoreboard
Show All
Scores
Hide
Comments
May contain spoilers
Recently Published
5x2 Blitz: Bands
by SL_Kpop136
Music
30s
Colored Red Africa Blitz
by spor1
Geography
30s
Find the 'City' Movie
by crazypaving
Movies
60s
More to Explore
Quiz From the Vault
Featured Blog Post
14 Easter Pick-up Lines to Find Eggs With
hide this ad
You Might Also Like...
Tags
Liège-Bastogne-Liège
Nationality
Rider
Winner
Today's Top Quizzes in Sports
Browse Sports
hide this ad
Today's Top Quizzes in Winner
Browse Winner
Top Contributed Quizzes in Sports
1
Les entraîneurs de l'OM et du PSG au 21e siècle
2
Les meilleurs buteurs des matchs entre le PSG et l’OM
3
Les joueurs passés par le PSG et l'OM
4
Players with Multiple 50 Home Run Seasons
5
2022 World Cup Stars
6
Criteria MLB: Left Handed Sluggers
7
NBA Logic Puzzle 2.0
8
MLB Players with Two .350 Batting Average Seasons
9
Top 10 NHL Goal Scorers of All Time
10
Les joueurs passés par le LOSC et le RC Lens
Explore More
Trending Topics
Disney
NBA
Anime
Kpop
Harry Potter
Crossword
Marvel
Song
Country
Soccer
The Office
Pokémon
NFL
WWE
Puzzle
hide this ad
More By:
Tabasco
Quiz
Plays
Rating
Category
Featured
Created
Rivers of Europe
111,441
4.35
Geography
Jan 31, 2011
Rivers and Lakes of Africa
39,454
4.55
Geography
Nov 14, 2011
Largest Cities in the EU (1050-1800)
13,788
4.37
History
Mar 2, 2010
Largest cities Netherlands (1500-2000)
8,587
4.50
History
Apr 2, 2010
Rivers And Lakes Of Asia (map)
5,157
4.51
Geography
Nov 7, 2011
Go to Creator's Profile
Score Distribution
Quiz Creator Spotlight
Tabasco
Follow
Send a Message
Quizzes Created
-
Created Quiz Play Count
-
More By This Creator
Popular Quizzes Today
1
Colored Red Africa Blitz
2
Find the 'City' Movie
3
5x2 Blitz: Bands
4
Find the US States - No Outlines Minefield
5
The Countries of the World
6
Find the US States
7
US States
8
Find the Countries of Europe - No Outlines Minefield
More Sports Quizzes
2013 NBA Finals Stat Leaders
Quiz Lab
Trending Quizzes
Colored Red Europe Blitz I
Colored Red Europe Blitz II
Colored Red Africa Blitz II
Colored Red Europe Blitz III
Colored Red Africa Blitz III
Recently Updated
How Do You Spell That?
pecheneg
Godzilla Movies
pecheneg
Grab Bag: 4-10 Letters
pecheneg
2024 March Madness Bracket
pecheneg
Famous TV Couples
Peacemaker
Champions League XIs: Real Madrid
pecheneg
Largest US Cities 1790-2010
pecheneg
Rides in Walt Disney World
pecheneg
Most Oscar Losses (Acting)
pecheneg
Beyoncé Albums
pecheneg
Trending Topics
Anime
Crossword
Disney
Marvel
Harry Potter
NBA
Kpop
WWE
Soccer
Pokémon
The Office
Song
Puzzle
Country
NFL
Your Account Isn't Verified!
In order to create a playlist on Sporcle, you need to verify the email address you used during registration. Go to your
Sporcle Settings
to finish the process.
Report this User
Report this user for behavior that violates our
Community Guidelines
.
Details:
Send Report
Go to the Sporcle.com Mobile Site →
Comments